TOP 50 YouTuberów w Polsce (04.2022r.) - Statystyki

Ogólne statystyki
  • Ten quiz został rozwiązany 4 764 razy
  • Średni wynik to 13 z 50
Statystyki odpowiedzi
Lp Liczba subskrypcji Odpowiedź % Poprawnych
2 4 560 000 Karol Friz Wiśniewski
97%
1 4 780 000 Blowek
92%
3 4 360 000 reZigiusz
79%
20 2 230 000 WERSOW
77%
4 4 260 000 Stuu
74%
30 1 940 000 Tromba
64%
6 3 620 000 SA Wardega
51%
8 3 310 000 Naruciak
48%
7 3 370 000 AbstrachujeTV
42%
25 2 040 000 EKIPA
42%
17 2 300 000 TheNitroZyniak
37%
41 1 690 000 Marcin Dubiel
36%
28 2 010 000 tomasz gimper działowy
36%
11 2 610 000 IsAmU
35%
27 2 010 000 YOUNG MULTI & YLF
33%
50 1 560 000 BOXDEL
31%
12 2 540 000 Vito Minecraft
30%
36 1 820 000 Mandzio
29%
26 2 040 000 Wojan
27%
10 2 730 000 Planeta Faktów
25%
14 2 310 000 Kaluch
24%
23 2 160 000 izak LIVE
22%
19 2 260 000 Karolek
21%
22 2 210 000 Kamerzysta
19%
9 3 120 000 SBM Label
18%
21 2 230 000 5 sposobów na...
16%
39 1 760 000 BEKSY
16%
49 1 580 000 Sitr0x
16%
5 3 670 000 Step Records
14%
40 1 750 000 JDabrowsky
12%
43 1 660 000 ROJSON
12%
33 1 890 000 DeeJayPallaside
9%
42 1 670 000 FIT LOVERS
9%
31 1 900 000 GPlay: Minecraft Jest Nasz!
9%
44 1 660 000 Niekryty Krytyk
9%
16 2 300 000 tvnpl
9%
45 1 610 000 Unbox
8%
48 1 580 000 Agnieszka Grzelak Vlog
7%
35 1 840 000 Dizowskyy
7%
46 1 600 000 RoxMb
7%
37 1 810 000 BRACIA MALCZYŃSCY
6%
29 1 970 000 KaliGanjaMafia
6%
34 1 880 000 JASNA STRONA
5%
47 1 590 000 smiechawaTV
5%
15 2 300 000 SPInkafilmstudio
5%
13 2 360 000 Baby Dinosaurs
3%
18 2 280 000 jedrek29t
3%
24 2 130 000 Baby's Adventure
2%
38 1 810 000 BORCREW OFFICIAL
2%
32 1 890 000 LoreChirik
2%
Nie znaleziono quizów pasujących do podanych kryteriów
Rozkład punktacji
Procent ludzi z każdym wynikiem
Percentyl według liczby udzielonych odpowiedzi
Twoja historia wyników
Nie rozwiązałeś tego quizu